00309nam a2200133Ia 45000030006000000080041000060400015000471000016000622450021000782600041000993000006001405460012001460050017001580STCL150530s9999 xx 000 0 und d aSTCLcSTCL aChaucer, G. aCanterbury Tales bPenguin book; Englandc1969aEngland a0 aEnglish20220125170922.0